|
|
|
|
| LEADER |
00000nam0a2200000 4500 |
| 001 |
94798 |
| 005 |
20231101213955.0 |
| 035 |
|
|
|a (RuTPU)RU\TPU\book\101547
|
| 090 |
|
|
|a 94798
|
| 100 |
|
|
|a 20060415d1953 km y0rusy50 ca
|
| 101 |
0 |
|
|a rus
|
| 102 |
|
|
|a RU
|
| 105 |
|
|
|a a z 011zb
|
| 200 |
1 |
|
|a Вопросы разработки мощных пластов Кузбасса
|f Томский политехнический институт
|
| 210 |
|
|
|a Москва
|c Углетехиздат
|d 1953
|
| 215 |
|
|
|a 272 с.
|c ил.
|
| 300 |
|
|
|a К 70-летию доктора технических наук Д. А. Стрельникова
|
| 316 |
|
|
|5 63413507: ШкА/688
|a На титульном листе дарственная надпись: "В библиотеку ТТИ. Родной школе. Д. Стрельников. 27 авг. 1953 г."
|
| 320 |
|
|
|a Библиогр. в конце статей
|
| 600 |
|
1 |
|a Стрельников
|g Дмитрий Александрович
|b Д. А.
|f 1881-1964
|c российский горный инженер
|c профессор Томского политехнического института
|y Томск
|2 stltpush
|3 (RuTPU)RU\TPU\pers\1440
|
| 606 |
1 |
|
|a Твердые полезные ископаемые
|x Добыча
|2 stltpush
|3 (RuTPU)RU\TPU\subj\58605
|9 76377
|
| 610 |
1 |
|
|a Кузбасс
|
| 610 |
1 |
|
|a месторождения
|
| 610 |
1 |
|
|a вентиляция
|
| 610 |
1 |
|
|a пожары
|
| 610 |
1 |
|
|a предупреждение
|
| 610 |
1 |
|
|a горное дело
|
| 610 |
1 |
|
|a механизация
|
| 610 |
1 |
|
|a исследования
|
| 610 |
1 |
|
|a дарственная надпись
|
| 610 |
1 |
|
|a коллекция ТПУ
|
| 675 |
|
|
|a 622.33
|v 3
|
| 712 |
0 |
2 |
|a Томский политехнический институт
|2 stltpush
|3 (RuTPU)RU\TPU\col\1123
|
| 801 |
|
1 |
|a RU
|b 63413507
|c 20060415
|g PSBO
|
| 801 |
|
2 |
|a RU
|b 63413507
|c 20200204
|g PSBO
|
| 942 |
|
|
|c BK
|